Geography Quiz

Random Geography or State Quiz

University States Quiz Stats

 Plays Quiz Updated Mar 27, 2018

Score 0/30 Timer 05:00
9 Plays Today
University State % Correct
Brigham Young UniversityUtah
86.5%
Rutgers UniversityNew Jersey
85.9%
Purdue UniversityIndiana
82.9%
Wake Forest UniversityNorth Carolina
75.4%
Vanderbilt UniversityTennessee
75.3%
George Washington University District of Columbia
73.8%
Auburn UniversityAlabama
71.8%
Pepperdine UniversityCalifornia
71.3%
Clemson UniversitySouth Carolina
70.1%
Johns Hopkins UniversityMaryland
70.1%
University of the PacificCalifornia
69.7%
Brown UniversityRhode Island
67.1%
Fordham UniversityNew York
66.1%
Marquette UniversityWisconsin
64.4%
Villanova UniversityPennsylvania
64.3%
University State % Correct
Southern Methodist UniversityTexas
64.1%
James Madison UniversityVirginia
63.9%
University of New EnglandMaine
62.2%
Dartmouth CollegeNew Hampshire
61.1%
Gonzaga UniversityWashington
60.9%
Washington UniversityMissouri
59.3%
DePaul UniversityIllinois
56.9%
Emory UniversityGeorgia
55.9%
Marshall UniversityWest Virginia
51.2%
Seton Hall UniversityNew Jersey
50.9%
Case Western Reserve UniversityOhio
43.7%
Grambling State UniversityLouisiana
39.1%
Creighton UniversityNebraska
38.6%
Brandeis UniversityMassachusetts
36.8%
Chaminade UniversityHawaii
30.8%

You're not logged in!

Compare scores with friends on all Sporcle quizzes.
OR
Log In

Sporcle TV

Today on Sporcle TV


Watch our educational content, quiz creation guides, and fun videos on Sporcle TV.

Show Comments

Extras

Top Quizzes Today


Score Distribution

Your Account Isn't Verified!

In order to create a playlist on Sporcle, you need to verify the email address you used during registration. Go to your Sporcle Settings to finish the process.

Report this User

Report this user for behavior that violates our Community Guidelines.

Details: